Statistics for Top 10 garlic producing countries

Click here to take the quiz!

General Stats

  • This quiz has been taken 144 times
  • The average score is 6 of 10

Answer Stats

RankCountryProduction (Metric tonnes)% Correct
1China20,000,000
99%
9United States195,910
95%
2India1,150,000
89%
5Russia239,312
80%
4Egypt309,155
51%
10Ukraine171,400
50%
6Bangladesh233,609
45%
3South Korea339,113
40%
8Burma213,000
34%
7Ethiopia222,548
16%

Score Distribution

Percentile by Number Answered

Percent of People with Each Score

Your Score History

You have not taken this quiz